000 00627nam a22002417a 4500
003 UA-OsUOA
001 132656
007 ta
008 20180829b un ||||| |||| 00| 0 ukr d
100 _aЖердій Є.
090 _a821.161.2
_bЖ59
942 _cBK
040 _aUA-OsUOA
_bukr
_cUA-OsUOA
_dUA-OsUOA
245 _aТінь
_bдетективний роман
300 _a368 с.
955 _a3
041 _aukr
080 _a821.161.2
020 _a978-966-8910-25-8
260 _aК.
_bДуліби
_c2013
650 7 _a82 Література. Літературознавство
_2UDC
999 _c421199
_d421199